Efektívnosť environmentálnych investícií

Základné metódy hodnotenia efektívnosti vecných investícií. Efektívnosť investícií a ich meranie. Metódy kvantifikácie efektov z realizácie environmentálnych investícií. Analýza nákladov a úžitku. Prístupy k meraniu efektov pri absencii trhov. Priame a nepriame metódy. Metóda ocenenia pôžitkov (Hed...

Descripción completa

Guardado en:
Detalles Bibliográficos
Autor principal: Romančíková, Eva
Formato: Capítulo de libro
Lenguaje:eslovaco
Materias:
Etiquetas: Agregar Etiqueta
Sin Etiquetas, Sea el primero en etiquetar este registro!

MARC

LEADER 00000naa$a2200000$$$4500
001 0026807
005 20240502071426.9
041 0 |a slo 
044 |a SK 
245 1 0 |a Efektívnosť environmentálnych investícií  |c Eva Romančíková 
520 |a Základné metódy hodnotenia efektívnosti vecných investícií. Efektívnosť investícií a ich meranie. Metódy kvantifikácie efektov z realizácie environmentálnych investícií. Analýza nákladov a úžitku. Prístupy k meraniu efektov pri absencii trhov. Priame a nepriame metódy. Metóda ocenenia pôžitkov (Hedonic pricing method). Metóda hodnotenia eventualít (Contigent valuation method). Metóda určenia funkcie škody. 
610 2 0 |a efektívnosť investícií 
610 2 0 |a investície ekologické 
610 2 0 |a environmentalistika 
610 2 0 |a oceňovanie 
610 2 0 |a ochrana prostredia životného 
610 2 0 |a dane ekologické 
610 2 0 |a náklady investičné 
100 1 |a Romančíková, Eva